<?xml version="1.0" encoding="UTF-8"?>
<record
    xmlns:xsi="http://www.w3.org/2001/XMLSchema-instance"
    xsi:schemaLocation="http://www.loc.gov/MARC21/slim http://www.loc.gov/standards/marcxml/schema/MARC21slim.xsd"
    xmlns="http://www.loc.gov/MARC21/slim">

  <leader>02358nam0a22004451  4500</leader>
  <controlfield tag="001">RU\NLR\A1SV\139829</controlfield>
  <controlfield tag="005">20251203171251.9</controlfield>
  <datafield tag="035" ind1=" " ind2=" ">
    <subfield code="a">(NLR Aleph) 010767994</subfield>
  </datafield>
  <datafield tag="090" ind1=" " ind2=" ">
    <subfield code="a">10008981</subfield>
    <subfield code="c">10008981</subfield>
  </datafield>
  <datafield tag="100" ind1=" " ind2=" ">
    <subfield code="a">20150520d1925    u  y0rusy50      ca</subfield>
  </datafield>
  <datafield tag="101" ind1="0" ind2=" ">
    <subfield code="a">rus</subfield>
  </datafield>
  <datafield tag="102" ind1=" " ind2=" ">
    <subfield code="a">RU</subfield>
  </datafield>
  <datafield tag="200" ind1="1" ind2=" ">
    <subfield code="a">&#x42D;&#x43A;&#x441;&#x43A;&#x443;&#x440;&#x441;&#x438;&#x438; &#x432; &#x441;&#x43E;&#x432;&#x440;&#x435;&#x43C;&#x435;&#x43D;&#x43D;&#x43E;&#x441;&#x442;&#x44C;</subfield>
    <subfield code="f">&#x41F;&#x43E;&#x434; &#x440;&#x435;&#x434;. &#x41D;.&#x410;.&#x41A;&#x443;&#x437;&#x43D;&#x435;&#x446;&#x43E;&#x432;&#x430; &#x438; &#x41A;.&#x412;.&#x41F;&#x43E;&#x43B;&#x437;&#x438;&#x43A;&#x43E;&#x432;&#x43E;&#x439;-&#x420;&#x443;&#x431;&#x435;&#x446;</subfield>
  </datafield>
  <datafield tag="210" ind1=" " ind2=" ">
    <subfield code="a">&#x41B;.</subfield>
    <subfield code="c">&#x418;&#x437;&#x434;-&#x432;&#x43E; &#x43A;&#x43D;. &#x441;&#x435;&#x43A;&#x442;&#x43E;&#x440;&#x430; &#x41B;&#x413;&#x41E;&#x41D;&#x41E;</subfield>
    <subfield code="d">1925</subfield>
  </datafield>
  <datafield tag="215" ind1=" " ind2=" ">
    <subfield code="a">154, [1] &#x441;.</subfield>
    <subfield code="d">22 &#x441;&#x43C;</subfield>
  </datafield>
  <datafield tag="225" ind1=" " ind2=" ">
    <subfield code="a">&#x42D;&#x43A;&#x441;&#x43A;&#x443;&#x440;&#x441;. &#x43F;&#x440;&#x430;&#x43A;&#x442;&#x438;&#x43A;&#x430;</subfield>
    <subfield code="f">&#x41F;&#x43E;&#x434; &#x440;&#x435;&#x434;. &#x41D;.&#x410;.&#x41A;&#x443;&#x437;&#x43D;&#x435;&#x446;&#x43E;&#x432;&#x430;</subfield>
  </datafield>
  <datafield tag="300" ind1=" " ind2=" ">
    <subfield code="a">&#x421;&#x435;&#x440;. &#x443;&#x43A;&#x430;&#x437;&#x430;&#x43D;&#x430; &#x43D;&#x430; &#x43E;&#x431;&#x43B;.</subfield>
  </datafield>
  <datafield tag="327" ind1="1" ind2=" ">
    <subfield code="a">&#x41D;&#x430;&#x448;&#x430; &#x443;&#x43B;&#x438;&#x446;&#x430; / &#x41D;.&#x41F;.&#x410;&#x43D;&#x446;&#x438;&#x444;&#x435;&#x440;&#x43E;&#x432;</subfield>
    <subfield code="a">&#x411;&#x43E;&#x43B;&#x44C;&#x448;&#x430;&#x44F; &#x443;&#x43B;&#x438;&#x446;&#x430; &#x441;&#x43E;&#x432;&#x440;&#x435;&#x43C;&#x435;&#x43D;&#x43D;&#x43E;&#x433;&#x43E; &#x433;&#x43E;&#x440;&#x43E;&#x434;&#x430; / &#x41D;.&#x410;&#x43D;&#x438;&#x43A;&#x438;&#x435;&#x432;&#x430;, &#x41A;.&#x424;.&#x410;&#x441;&#x430;&#x435;&#x432;&#x438;&#x447; &#x438; &#x41E;.&#x41B;.&#x422;&#x43E;&#x434;&#x434;&#x435;&#x441;</subfield>
    <subfield code="a">&#x41B;&#x435;&#x43D;&#x438;&#x43D;&#x433;&#x440;&#x430;&#x434;, &#x43A;&#x430;&#x43A; &#x43D;&#x430;&#x443;&#x447;&#x43D;&#x44B;&#x439; &#x446;&#x435;&#x43D;&#x442;&#x440; / &#x412;.&#x411;.&#x415;&#x447;&#x435;&#x438;&#x441;&#x442;&#x43E;&#x432;&#x430;, &#x412;.&#x413;.&#x41A;&#x43E;&#x43D;&#x440;&#x430;&#x434;&#x438;, &#x415;.&#x410;.&#x41C;&#x430;&#x433;&#x43D;&#x443;&#x441; &#x438; &#x41C;.&#x410;.&#x428;&#x43C;&#x430;&#x440;&#x43E;&#x432;&#x430;</subfield>
    <subfield code="a">&#x41E;&#x442;&#x440;&#x430;&#x436;&#x435;&#x43D;&#x438;&#x435; &#x44D;&#x43F;&#x43E;&#x445;&#x438; &#x43F;&#x440;&#x43E;&#x43C;&#x44B;&#x448;&#x43B;&#x435;&#x43D;&#x43D;&#x43E;&#x433;&#x43E; &#x43A;&#x430;&#x43F;&#x438;&#x442;&#x430;&#x43B;&#x438;&#x437;&#x43C;&#x430; &#x43D;&#x430; &#x43E;&#x431;&#x43B;&#x438;&#x43A;&#x435; &#x433;&#x43E;&#x440;&#x43E;&#x434;&#x430; / &#x41A;.&#x412;.&#x41F;&#x43E;&#x43B;&#x437;&#x438;&#x43A;&#x43E;&#x432;&#x430;-&#x420;&#x443;&#x431;&#x435;&#x446;</subfield>
    <subfield code="a">&#x420;&#x430;&#x431;&#x43E;&#x447;&#x438;&#x439; &#x43F;&#x43E;&#x441;&#x435;&#x43B;&#x43E;&#x43A; / &#x41A;.&#x412;.&#x41F;&#x43E;&#x43B;&#x437;&#x438;&#x43A;&#x43E;&#x432;&#x430;-&#x420;&#x443;&#x431;&#x435;&#x446; &#x438; &#x410;.&#x42E;.&#x42F;&#x43A;&#x443;&#x431;&#x43E;&#x432;&#x441;&#x43A;&#x438;&#x439;</subfield>
    <subfield code="a">&#x413;&#x43E;&#x440;&#x43E;&#x434;&#x441;&#x43A;&#x43E;&#x439; &#x434;&#x43E;&#x43C; / &#x422;.&#x411;.&#x41B;&#x43E;&#x437;&#x438;&#x43D;&#x441;&#x43A;&#x430;&#x44F;</subfield>
    <subfield code="a">&#x41E;&#x431;&#x449;&#x435;&#x441;&#x442;&#x432;&#x435;&#x43D;&#x43D;&#x430;&#x44F; &#x441;&#x442;&#x43E;&#x43B;&#x43E;&#x432;&#x430;&#x44F; / &#x421;.&#x41C;.&#x41B;&#x435;&#x432;&#x438;&#x434;&#x43E;&#x432;&#x430;</subfield>
    <subfield code="a">&#x41F;&#x440;&#x44F;&#x434;&#x438;&#x43B;&#x44C;&#x43D;&#x430;&#x44F; &#x438; &#x442;&#x440;&#x438;&#x43A;&#x43E;&#x442;&#x430;&#x436;&#x43D;&#x430;&#x44F; &#x444;&#x430;&#x431;&#x440;&#x438;&#x43A;&#x430; / &#x417;.&#x410;.&#x42D;&#x434;&#x435;&#x43B;&#x44C;&#x448;&#x442;&#x435;&#x439;&#x43D;</subfield>
  </datafield>
  <datafield tag="702" ind1=" " ind2="1">
    <subfield code="a">&#x41A;&#x443;&#x437;&#x43D;&#x435;&#x446;&#x43E;&#x432;</subfield>
    <subfield code="b">&#x41D;.&#x410;.</subfield>
    <subfield code="g">&#x41D;&#x438;&#x43A;&#x43E;&#x43B;&#x430;&#x439; &#x410;&#x43B;&#x435;&#x43A;&#x441;&#x430;&#x43D;&#x434;&#x440;&#x43E;&#x432;&#x438;&#x447;</subfield>
  </datafield>
  <datafield tag="702" ind1=" " ind2="1">
    <subfield code="a">&#x41F;&#x43E;&#x43B;&#x437;&#x438;&#x43A;&#x43E;&#x432;&#x430;-&#x420;&#x443;&#x431;&#x435;&#x446;</subfield>
    <subfield code="b">&#x41A;.&#x412;.</subfield>
    <subfield code="f">1889-1949</subfield>
    <subfield code="g">&#x41A;&#x441;&#x435;&#x43D;&#x438;&#x44F; &#x412;&#x43B;&#x430;&#x434;&#x438;&#x43C;&#x438;&#x440;&#x43E;&#x432;&#x43D;&#x430;</subfield>
  </datafield>
  <datafield tag="702" ind1=" " ind2="1">
    <subfield code="a">&#x410;&#x43D;&#x446;&#x438;&#x444;&#x438;&#x440;&#x43E;&#x432;</subfield>
    <subfield code="b">&#x41D;.&#x41F;.</subfield>
  </datafield>
  <datafield tag="702" ind1=" " ind2="1">
    <subfield code="a">&#x410;&#x43D;&#x438;&#x43A;&#x438;&#x435;&#x432;&#x430;</subfield>
    <subfield code="b">&#x41D;.</subfield>
  </datafield>
  <datafield tag="702" ind1=" " ind2="1">
    <subfield code="a">&#x410;&#x441;&#x430;&#x435;&#x432;&#x438;&#x447;</subfield>
    <subfield code="b">&#x41A;.&#x424;.</subfield>
  </datafield>
  <datafield tag="702" ind1=" " ind2="1">
    <subfield code="a">&#x422;&#x43E;&#x434;&#x434;&#x435;&#x441;</subfield>
    <subfield code="b">&#x41E;.&#x41B;.</subfield>
  </datafield>
  <datafield tag="702" ind1=" " ind2="1">
    <subfield code="a">&#x415;&#x447;&#x435;&#x438;&#x441;&#x442;&#x43E;&#x432;&#x430;</subfield>
    <subfield code="b">&#x412;.&#x411;.</subfield>
  </datafield>
  <datafield tag="702" ind1=" " ind2="1">
    <subfield code="a">&#x41A;&#x43E;&#x43D;&#x440;&#x430;&#x434;&#x438;</subfield>
    <subfield code="b">&#x412;.&#x413;.</subfield>
    <subfield code="f">1877-1942</subfield>
    <subfield code="g">&#x412;&#x435;&#x440;&#x430; &#x413;&#x435;&#x440;&#x43C;&#x430;&#x43D;&#x43E;&#x432;&#x43D;&#x430;</subfield>
  </datafield>
  <datafield tag="702" ind1=" " ind2="1">
    <subfield code="a">&#x41C;&#x430;&#x433;&#x43D;&#x443;&#x441;</subfield>
    <subfield code="b">&#x415;.&#x410;.</subfield>
  </datafield>
  <datafield tag="702" ind1=" " ind2="1">
    <subfield code="a">&#x428;&#x43C;&#x430;&#x440;&#x43E;&#x432;&#x430;</subfield>
    <subfield code="b">&#x41C;.&#x410;.</subfield>
  </datafield>
  <datafield tag="702" ind1=" " ind2="1">
    <subfield code="a">&#x42F;&#x43A;&#x443;&#x431;&#x43E;&#x432;&#x441;&#x43A;&#x438;&#x439;</subfield>
    <subfield code="b">&#x410;.&#x42E;.</subfield>
  </datafield>
  <datafield tag="702" ind1=" " ind2="1">
    <subfield code="a">&#x41B;&#x435;&#x432;&#x438;&#x434;&#x43E;&#x432;&#x430;</subfield>
    <subfield code="b">&#x421;.&#x41C;.</subfield>
  </datafield>
  <datafield tag="702" ind1=" " ind2="1">
    <subfield code="a">&#x42D;&#x434;&#x435;&#x43B;&#x44C;&#x448;&#x442;&#x435;&#x439;&#x43D;</subfield>
    <subfield code="b">&#x417;.&#x410;.</subfield>
  </datafield>
  <datafield tag="801" ind1=" " ind2="0">
    <subfield code="a">RU</subfield>
    <subfield code="b">NLR</subfield>
    <subfield code="c">20150520</subfield>
  </datafield>
  <datafield tag="852" ind1=" " ind2=" ">
    <subfield code="a">NLR</subfield>
    <subfield code="j">1/373</subfield>
  </datafield>
  <datafield tag="852" ind1=" " ind2=" ">
    <subfield code="a">NLR</subfield>
    <subfield code="j">1/373&#x430;</subfield>
  </datafield>
  <datafield tag="899" ind1=" " ind2=" ">
    <subfield code="a">&#x420;&#x413;&#x411;</subfield>
  </datafield>
  <datafield tag="899" ind1=" " ind2=" ">
    <subfield code="a">&#x41A;&#x438;&#x440;&#x41E;&#x423;&#x41D;&#x411;</subfield>
  </datafield>
  <datafield tag="942" ind1=" " ind2=" ">
    <subfield code="c">BOOK</subfield>
  </datafield>
  <datafield tag="980" ind1=" " ind2=" ">
    <subfield code="a">NB</subfield>
  </datafield>
  <datafield tag="980" ind1=" " ind2=" ">
    <subfield code="a">A1SV</subfield>
  </datafield>
  <datafield tag="995" ind1=" " ind2=" ">
    <subfield code="5">2025-05-23</subfield>
    <subfield code="b">NLR02</subfield>
    <subfield code="c">NLR02</subfield>
    <subfield code="e">KBS</subfield>
    <subfield code="f">1-4951039</subfield>
    <subfield code="k">1/373</subfield>
    <subfield code="o">0</subfield>
    <subfield code="r">BOOK</subfield>
    <subfield code="s">1373_</subfield>
  </datafield>
  <datafield tag="995" ind1=" " ind2=" ">
    <subfield code="5">2025-05-23</subfield>
    <subfield code="b">NLR02</subfield>
    <subfield code="c">NLR02</subfield>
    <subfield code="e">RFS</subfield>
    <subfield code="f">10767994-20</subfield>
    <subfield code="k">1/373&#x430;</subfield>
    <subfield code="o">0</subfield>
    <subfield code="r">BOOK</subfield>
    <subfield code="s">1373_</subfield>
  </datafield>
</record>
